| 000 | 00360 a2200145 4500 | ||
|---|---|---|---|
| 082 | _a297.1227 | ||
| 090 |
_c4826 _d4826 |
||
| 100 | _aBalgrami,Syed Hamid Hasin | ||
| 245 |
_aFayyouz-ul-Quran _cDr.Syed Hamid Hasin Balgrami |
||
| 250 | _a1st | ||
| 260 |
_aKarachi _bFaroz Sons LTD |
||
| 300 | _a696p | ||
| 500 | _aHard cover | ||
| 942 |
_aNBS _cBK _k297.1227 HAM |
||
| 999 |
_c347257 _d347257 |
||